000 00597nam a22001937a 4500
999 _c29
_d29
003 OSt
005 20191001123109.0
008 140630b xxu||||| |||| 00| 0 eng d
020 _a1841841501
040 _cldc
082 _aWM203 C738t 2001
100 _aEditors Jeffrey, A. Lieberman; Robin, M Murray
_912966
245 _aComprehensive care of Schizophrenia:
_ba textbook of clinical Management
260 _aItaly:
_bMartin Dunitz,
_c2001.
300 _axviii ; 374 p :
_bill ;
_c25cm.
504 _aincludes bibliographical references and index
650 _aPsychiatry
_990
942 _2z
_cO_SHELF